00866nam a2200205 a 450000100100000000500170001000800410002704000250006808200160009324501700010926000500027930000200032949000150034950400740036471000610043883000210049904900090052095201140052999900170064300002887620251120073733.0110419s1992 dr 000 0 spa d aDO-SdBNPbspacBNPHU axxxxbC322a00aCarta apostólica de su santidad Juan Pablo II a los religiosos y religiosas de América Latina con motivo del V Centenario de la evangelización del nuevo mundo. aSanto Domingo :bPUCMM,c1992fEditora Taller a34 p. ;c22 cm.1 aDocumentos aIncluye referencias bibliográficas y notas al pie de las páginas.2 aPontificia Universidad Católica Madre y Maestra 9843 0aDocumentos91047 aBNPD 0010718PDaPDbPDcCTd2011-04-12iLF1l0oxxxx C322ap28876-10r2020-06-25w2020-06-25yLFPDZNo se presta c28368d28368